000 02205cam a22004454i 4500
003 PE-LiUPU
005 20250731173333.0
008 150616s1990 txu r 000 0 spa d
035 _a(Sirsi) a434
040 _aPE-LiUPU
_bspa
_cPE-LiUPU
_erda
049 _aPRUA
082 0 4 _a253.702
_bD29
_221
100 1 _aDavis, J. E.,
_eautor.
245 1 0 _aManual del evangelismo personal /
_cJ. E. Davis.
264 1 _aTexas :
_bCasa Bautista de Publicaciones,
_c1990.
300 _a160 páginas ;
_c19 centímetros
336 _atext
_2rdacontent
337 _aunmediated
_2rdamedia
338 _avolume
_2rdacarrier
505 0 _aCómo hacer la obra personal con los pecadores en lo personal -- Cómo hacer la obra personal con los pecadores que se sienten víctimas del pecado -- Cómo hacer la obra personal con los niños -- Cómo hacer la obra personal con distintas clases de individuos -- Los que desean ser cristianos, pero que encuentran obstaculos para serlo -- Los que dependen de su propia justicia. e ignoran la de Dios -- los reincidentes o apóstatas -- Los temerosos y desesperados -- Los que ponen dilatación -- Los censuradosLos que están engañados, siguiendo doctrinas falsas y la vanidad de los enemigos de Cristo Jesús -- Los católicos -- Los judios -- Los unitarios -- Los universalistas -- Los adventistas -- Los espiritistas -- Los pentecostales -- Los de la ciencia cristiana -- Los ruselistas.
526 _aSEG42
526 _aSEG41
526 _aSEG40
526 _aSEG39
526 _aP94
526 _aP87
526 _aP86
526 _aP85
526 _aP77
526 _aP76
526 _aP35
650 0 4 _aEvangelismo personal
_vManuales.
910 _ajck
_bjvq
_cjck
942 _2ddc
_cBOOK
949 _a253.702 D29
_wDEWEY
_c1
_i05941
_lCCODEBUL1
_mBUL
_p00.00
_r0
_sY
_tBOOK
_u19921111
_xTEOLOGIA
_zUNKNOWN
_0COMPRA
_o.STAFF. Colección General
994 _aC0
_bPEPRU
596 _a1
999 _a253.702 D29
_wDEWEY
_c48560
_i05941
_d48560
_e2017-1-5
_f2021-11-12
_g5
_lCCODEBUL1
_mBUL
_n1
_p24.90
_r0
_sY
_tBOOK
_u2015-6-16
_xTEOLOGIA
_PP35
_0COMPRA
_o.STAFF. Colección Teología
980 _81
_gALBERTO SANCHEZ Responsable de Automatización